[Event "Open Semana Santa 2023"]
[Site "?"]
[Date "2023.04.09"]
[Round "7.147"]
[White "Perez Pinazo, Jose Oscar"]
[Black "Lizzul Coppe, Mirko"]
[Result "0-1"]
[WhiteElo "1612"]
[BlackElo "1902"]
[PlyCount "91"]

1. d4 Nf6 2. Bf4 d5 3. e3 c5 4. Nd2 Nc6 5. Ngf3 Bg4 6. c3 e6 7. Bd3 Be7 8. h3
Bh5 9. Rc1 O-O 10. O-O Qb6 11. Rb1 Rac8 12. Qe1 Bg6 13. Bxg6 hxg6 14. Qe2 a6
15. Nh2 Nh5 16. Bg3 Nxg3 17. fxg3 cxd4 18. exd4 e5 19. Nhf3 exd4 20. cxd4 Nxd4
21. Nxd4 Qxd4+ 22. Kh2 Rfe8 23. Nf3 Qe4 24. Qxe4 dxe4 25. Ne5 Bf6 26. Ng4 Bd4
27. Rfe1 f5 28. Ne3 Be5 29. Re2 Red8 30. Rd1 Rxd1 31. Nxd1 Rd8 32. Ne3 Rd3 33.
Nf1 g5 34. b3 g6 35. Ne3 f4 36. Nc2 e3 37. gxf4 Bxf4+ 38. Kg1 Rd1+ 39. Ne1 Bg3
40. Kf1 Bf2 41. Rxf2 exf2 42. Kxf2 Rd2+ 43. Ke3 Rxa2 44. Nd3 Ra3 45. Ke4 Rxb3
46. Nc5 0-1

[Event "Open Semana Santa 2023"]
[Site "?"]
[Date "2023.04.09"]
[Round "7.148"]
[White "Demirkol, Kerim Calvelo"]
[Black "Stalhandske, Julien"]
[Result "0-1"]
[WhiteElo "1897"]
[BlackElo "1699"]
[PlyCount "72"]

1. d4 Nf6 2. c4 g6 3. g3 Bg7 4. Bg2 O-O 5. Nf3 d5 6. cxd5 Nxd5 7. e4 Nb6 8. O-O
Bg4 9. Be3 c5 10. e5 cxd4 11. Qxd4 Be6 12. Nc3 Nc6 13. Qxd8 Rfxd8 14. Bxb6 axb6
15. Rfe1 Nb4 16. Ng5 Nc2 17. Nxe6 fxe6 18. f4 g5 19. Bh3 Bh6 20. Bxe6+ Kg7 21.
g4 gxf4 22. Ne4 Nxa1 23. Rxa1 Rd4 24. Re1 Raa4 25. Nc3 Ra8 26. h4 Kf8 27. g5
Bg7 28. Bf5 f3 29. h5 f2+ 30. Kxf2 Rf4+ 31. Kg3 Rxf5 32. Kg4 Rxe5 33. Rf1+ Ke8
34. h6 Bh8 35. Rf4 Raa5 36. Ne4 Rxa2 0-1

[Event "Open Semana Santa 2023"]
[Site "?"]
[Date "2023.04.09"]
[Round "7.149"]
[White "Borisova Douchkova, Vanesa"]
[Black "WFM Yastrebova, Tatiana"]
[Result "1-0"]
[WhiteElo "1617"]
[BlackElo "1896"]
[PlyCount "59"]

1. d4 Nf6 2. c4 e5 3. dxe5 Ng4 4. Nc3 Bc5 5. e3 Nxe5 6. Nf3 Nbc6 7. Be2 O-O 8.
Nxe5 Nxe5 9. O-O a5 10. Ne4 Ba7 11. b3 Re8 12. Ng3 Bb8 13. Bb2 Ra6 14. c5 Rae6
15. Qd4 f6 16. Nh5 c6 17. f4 Nf7 18. Rf3 Kh8 19. Rg3 Rg8 20. Bg4 Ree8 21. Nxf6
Be5 22. fxe5 gxf6 23. e6 Ne5 24. exd7 Bxd7 25. Bxd7 Qxd7 26. Qxd7 Nxd7 27. Rf3
Re6 28. Rd1 Ne5 29. Rxf6 Rxf6 30. Bxe5 1-0

[Event "Open Semana Santa 2023"]
[Site "?"]
[Date "2023.04.09"]
[Round "7.150"]
[White "Burriel Ureta, Raul"]
[Black "Camarillas Castellano, Pau"]
[Result "0-1"]
[WhiteElo "1579"]
[BlackElo "1891"]
[PlyCount "164"]

1. e4 c6 2. d3 d5 3. Nd2 e6 4. Ngf3 Nf6 5. c3 Nbd7 6. e5 Ng8 7. Qe2 c5 8. d4
Ne7 9. a3 c4 10. g3 Rb8 11. Bg2 b5 12. O-O Nc6 13. Re1 a5 14. h4 Be7 15. Bh3 h6
16. Kg2 Na7 17. Rh1 Nb6 18. Nf1 Na4 19. N1h2 Bd7 20. Qd1 Bc6 21. Qc2 Qd7 22.
Ng4 b4 23. axb4 axb4 24. h5 bxc3 25. bxc3 Rb3 26. Be3 Rxc3 27. Qd1 Rb3 28. Qc1
Nb2 29. Nh4 Nd3 30. Qd1 Nb5 31. Rf1 Nc3 32. Qf3 Ne4 33. Rab1 Ba4 34. Rxb3 Bxb3
35. Ra1 Qb7 36. Rb1 Qa6 37. Rf1 Qa2 38. Nxh6 gxh6 39. Bxe6 fxe6 40. Ng6 Rg8 41.
Qg4 Kd7 42. Qf3 Qa8 43. Bxh6 Qe8 44. Ra1 Bd8 45. Nf8+ Kc6 46. Ra6+ Bb6 47. Ng6
Ndxf2 48. Bf8 Kb5 49. Ra3 Rxg6 50. hxg6 Qxg6 51. Rxb3+ cxb3 52. Qxb3+ Kc6 53.
Qa4+ Kc7 54. Bd6+ Nxd6 55. exd6+ Kxd6 56. Qb4+ Kc6 57. Kxf2 Qf6+ 58. Kg2 Qxd4
59. Qe7 Qf2+ 60. Kh3 Qf1+ 61. Kh4 Qf5 62. Qe8+ Kc5 63. Qe7+ Kb5 64. Qe8+ Kb4
65. Qb8 Qf6+ 66. Kh3 Kc5 67. Qc8+ Kd4 68. Qa6 Qf5+ 69. Kh2 Bc5 70. Qa4+ Ke5 71.
Qa1+ d4 72. Qa5 Ke4 73. Qe1+ Kd5 74. Qa5 d3 75. Qa8+ Kd4 76. Qa1+ Ke4 77. Qa4+
Ke3 78. Qd1 Qf3 79. Qc1+ Ke2 80. Qb2+ d2 81. Qe5+ Be3 82. Qb5+ Kf2 0-1

[Event "Open Semana Santa 2023"]
[Site "?"]
[Date "2023.04.09"]
[Round "7.151"]
[White "Alonso Perez, Alfredo"]
[Black "Groapa, Aurelian"]
[Result "0-1"]
[WhiteElo "1891"]
[BlackElo "1692"]
[PlyCount "66"]

1. d4 Nf6 2. Bf4 e6 3. e3 d5 4. Nd2 b6 5. Ngf3 h6 6. Ne5 a6 7. Bd3 Bd6 8. Qe2
Bb7 9. e4 O-O 10. O-O-O c5 11. dxc5 bxc5 12. c4 Qc7 13. exd5 exd5 14. Bg3 Nc6
15. Nxc6 Rfe8 16. Qf3 Bxc6 17. Bxd6 Qxd6 18. Qg3 Qxg3 19. fxg3 Ng4 20. cxd5 Nf2
21. Bc4 Bb5 22. Rhf1 Nxd1 23. Kxd1 Bxc4 24. Nxc4 Rad8 25. d6 Re4 26. Rf4 Rxf4
27. gxf4 f6 28. f5 Kf7 29. Kd2 Re8 30. Kd3 Re1 31. Nd2 Re5 32. Kc4 Ke8 33. g4
Kd7 0-1

[Event "Open Semana Santa 2023"]
[Site "?"]
[Date "2023.04.09"]
[Round "7.152"]
[White "Perez Garcia, Saul"]
[Black "Sanchez Pablo, Jorge"]
[Result "1-0"]
[WhiteElo "1885"]
[BlackElo "1654"]
[PlyCount "41"]

1. d4 d5 2. c4 dxc4 3. Nf3 Nf6 4. e3 a6 5. Bxc4 e6 6. O-O b5 7. Bd3 c5 8. e4
Nc6 9. a4 b4 10. Be3 c4 11. Bxc4 Nxe4 12. Qe2 Na5 13. Bd3 Bb7 14. Bf4 Nf6 15.
Nbd2 Be7 16. Rfc1 Nd5 17. Be5 Bf6 18. Ne4 Bxe5 19. Nxe5 O-O 20. Qh5 f6 21. Ng5
1-0

[Event "Open Semana Santa 2023"]
[Site "?"]
[Date "2023.04.09"]
[Round "7.153"]
[White "Bethencourt Hernandez, Alberto"]
[Black "Chernyshov, Georgii"]
[Result "1-0"]
[WhiteElo "1882"]
[BlackElo "1652"]
[PlyCount "49"]

1. e4 c5 2. Nf3 g6 3. d4 cxd4 4. Qxd4 Nf6 5. Nc3 Nc6 6. Qa4 Bg7 7. e5 Ng8 8.
Bf4 Nh6 9. h3 O-O 10. O-O-O Qb6 11. Rd2 Qb4 12. Qxb4 Nxb4 13. Bb5 Nc6 14. Nd5
e6 15. Nf6+ Bxf6 16. exf6 Nf5 17. Bxc6 bxc6 18. g4 e5 19. Bxe5 d6 20. Bf4 d5
21. gxf5 Bxf5 22. Ne5 c5 23. Nc6 Kh8 24. Bh6 Rfe8 25. Ne7 1-0

[Event "Open Semana Santa 2023"]
[Site "?"]
[Date "2023.04.09"]
[Round "7.154"]
[White "Kocharyan Baghdasaryan, Arman"]
[Black "Andries, Leia"]
[Result "1-0"]
[WhiteElo "1881"]
[BlackElo "1627"]
[PlyCount "57"]

1. e4 c5 2. Nf3 Nc6 3. d4 cxd4 4. Nxd4 Nf6 5. Nc3 e6 6. Ndb5 Bc5 7. Nd6+ Ke7 8.
Bf4 e5 9. Nf5+ Kf8 10. Bg5 d6 11. Bxf6 Qxf6 12. Nd5 Qd8 13. Nfe3 Be6 14. c3
Bxe3 15. Nxe3 Ne7 16. Bc4 Bxc4 17. Nxc4 Qc7 18. Qd3 Rd8 19. O-O-O Ng6 20. g3
Ke7 21. Rd2 Rd7 22. Ne3 Qc6 23. Nf5+ Kf8 24. Rhd1 Ne7 25. Nxd6 g6 26. Qf3 Nc8
27. Nxc8 Rxd2 28. Rxd2 Qxc8 29. Qf6 1-0

[Event "Open Semana Santa 2023"]
[Site "?"]
[Date "2023.04.09"]
[Round "7.155"]
[White "Martinez Soriano, Pablo"]
[Black "Ferrete Rueda, Juan Carlos"]
[Result "1-0"]
[WhiteElo "1877"]
[BlackElo "1620"]
[PlyCount "85"]

1. e4 e5 2. Nf3 Nf6 3. d4 exd4 4. Nxd4 Nc6 5. Nxc6 bxc6 6. e5 Qe7 7. Qe2 Nd5 8.
Nd2 d6 9. Nc4 Nb6 10. exd6 Qxe2+ 11. Bxe2 cxd6 12. Nxb6 axb6 13. Bf3 d5 14. O-O
Be6 15. Re1 Bc5 16. Be3 Bxe3 17. Rxe3 O-O 18. a4 Ra7 19. Rb3 Rb8 20. h3 Ra5 21.
Rc3 Rc8 22. b4 Raa8 23. Rca3 g6 24. a5 b5 25. Rc3 Ra6 26. Rc5 Kf8 27. Re1 Kg7
28. g4 g5 29. Re3 h6 30. Rec3 Raa8 31. Rxc6 Rd8 32. Rb6 Rac8 33. Rxc8 Rxc8 34.
Rxb5 Rxc2 35. Bxd5 Bc8 36. Rc5 Rxc5 37. bxc5 Kf6 38. Ba8 Ke7 39. c6 Kd6 40. Bb7
Kc7 41. Bxc8 Kxc8 42. a6 Kb8 43. f4 1-0

[Event "Open Semana Santa 2023"]
[Site "?"]
[Date "2023.04.09"]
[Round "7.156"]
[White "Morales Carmona, Jose Manuel"]
[Black "Piris Ferrandis, Asier"]
[Result "1-0"]
[WhiteElo "1849"]
[BlackElo "1603"]
[PlyCount "55"]

1. e4 c5 2. Nf3 d6 3. d4 cxd4 4. Nxd4 Nf6 5. f3 g6 6. c4 Bg7 7. Be3 Nc6 8. Qd2
O-O 9. Nc3 Nxd4 10. Bxd4 Be6 11. Rc1 Rc8 12. b3 a6 13. Be2 Qa5 14. O-O Bd7 15.
Rfd1 b5 16. Nd5 Qd8 17. Nxf6+ exf6 18. Be3 Rc6 19. cxb5 Rxc1 20. Rxc1 Bxb5 21.
Bxb5 axb5 22. Rc6 Qe7 23. Rxd6 Re8 24. Rd7 Qe6 25. Qd5 f5 26. Qxe6 Rxe6 27.
Rd8+ Bf8 28. Bh6 1-0

[Event "Open Semana Santa 2023"]
[Site "?"]
[Date "2023.04.09"]
[Round "7.157"]
[White "Callealta, Andres"]
[Black "Manzanares Lopez, Alejandro"]
[Result "1/2-1/2"]
[WhiteElo "1601"]
[BlackElo "1845"]
[PlyCount "129"]

1. e4 e6 2. d3 d5 3. Nd2 c5 4. Ngf3 Nc6 5. g3 Nf6 6. Bg2 Be7 7. O-O O-O 8. e5
Nd7 9. Qe2 Qc7 10. Re1 f6 11. exf6 Nxf6 12. b3 Bd6 13. Bb2 Bd7 14. a3 Rae8 15.
Ne5 Nxe5 16. Bxe5 Bxe5 17. Qxe5 Qxe5 18. Rxe5 Ng4 19. Re2 Nh6 20. Rae1 Nf5 21.
c3 Nd6 22. c4 d4 23. Nf3 Re7 24. Ng5 Rfe8 25. Bd5 Nf7 26. Bxe6 Bxe6 27. Rxe6
Rxe6 28. Rxe6 Rxe6 29. Nxe6 b6 30. f4 Nd6 31. Nc7 Kf7 32. Nb5 Nc8 33. Kf2 Ke6
34. Nc7+ Kd7 35. Nd5 Nd6 36. a4 Nb7 37. b4 cxb4 38. Nxb4 Nc5 39. Ke2 Nxa4 40.
Nc2 b5 41. Kd2 bxc4 42. dxc4 Nb2 43. c5 Na4 44. c6+ Kxc6 45. Nxd4+ Kd5 46. Nf5
g6 47. Ne3+ Ke4 48. Ng4 h5 49. Ne5 g5 50. Nd3 Kf5 51. Ke3 Nc3 52. h3 g4 53.
hxg4+ Kxg4 54. Nf2+ Kxg3 55. f5 Nd5+ 56. Kd4 Nf6 57. Ke5 Kxf2 58. Kxf6 h4 59.
Ke5 h3 60. f6 h2 61. f7 h1=Q 62. f8=Q+ Ke2 63. Kd4 Qa1+ 64. Kc4 Qa2+ 65. Kc3
1/2-1/2

[Event "Open Semana Santa 2023"]
[Site "?"]
[Date "2023.04.09"]
[Round "7.158"]
[White "Martinez Manzanares, Alejandro"]
[Black "Galiana Fernandez, Hector"]
[Result "0-1"]
[WhiteElo "1839"]
[BlackElo "1599"]
[PlyCount "92"]

1. d4 Nf6 2. c4 g6 3. Nc3 d5 4. cxd5 Nxd5 5. e4 Nxc3 6. bxc3 Bg7 7. Bd3 c5 8.
Ne2 O-O 9. Be3 Qa5 10. O-O Nc6 11. Qb3 cxd4 12. cxd4 Rd8 13. Rad1 Bxd4 14. Bc4
Bf6 15. Bxf7+ Kg7 16. Bd5 Qb4 17. Qc2 Qb2 18. Qxb2 Bxb2 19. Rd2 Bf6 20. Rfd1
Nb4 21. Bb3 Rxd2 22. Rxd2 b6 23. f4 e5 24. a3 Nc6 25. Ba4 exf4 26. Nxf4 Ne5 27.
Nd5 Bb7 28. Nxf6 Kxf6 29. Bd4 Bxe4 30. Re2 Kf5 31. Bxe5 Kxe5 32. Bc2 Rc8 33.
Bxe4 Rc1+ 34. Kf2 Kf6 35. Rc2 Ra1 36. Rc3 Ra2+ 37. Ke3 Ke5 38. h3 a6 39. Bc6 a5
40. a4 Rb2 41. Kf3 Rb4 42. Re3+ Kf5 43. g4+ Kf6 44. h4 h6 45. Re4 Rb3+ 46. Kf4
g5+ 0-1

[Event "Open Semana Santa 2023"]
[Site "?"]
[Date "2023.04.09"]
[Round "7.159"]
[White "Bethencourt Hernandez, Valeria"]
[Black "Prochaieva, Alina"]
[Result "0-1"]
[WhiteElo "1564"]
[BlackElo "1820"]
[PlyCount "112"]

1. e4 c5 2. Nf3 e6 3. d4 cxd4 4. Nxd4 a6 5. Bd3 g6 6. O-O Bg7 7. Be3 d5 8. exd5
Qxd5 9. c3 Nf6 10. Nd2 O-O 11. f4 Nbd7 12. Bc4 Qd6 13. N4b3 b5 14. Be2 Nd5 15.
Ne4 Qc7 16. Bd2 N7b6 17. Qc1 Rd8 18. Be1 Nc4 19. Bxc4 Qxc4 20. Ned2 Qc7 21. Ne4
Bb7 22. Bg3 Qc6 23. Nd4 Bxd4+ 24. cxd4 Nc3 25. bxc3 Qxe4 26. Qb2 b4 27. Rae1
Qc6 28. cxb4 Rxd4 29. a3 Rad8 30. Rf2 Rd1 31. Rxd1 Rxd1+ 32. Rf1 Rd3 33. Rf2
Qd5 34. h3 Rxg3 35. Rd2 Rd3 36. Rxd3 Qxd3 37. Qe5 Qd5 38. Qxd5 exd5 39. Kf2 d4
40. g3 Kf8 41. Ke2 Be4 42. Kd2 Ke7 43. Kc1 Kd6 44. Kb2 Kd5 45. Kb3 Bf3 46. Kc2
Kc4 47. h4 d3+ 48. Kd2 Be4 49. Ke3 Kb3 50. Kxe4 d2 51. Kd4 d1=Q+ 52. Kc5 Kxa3
53. b5 axb5 54. Kxb5 Qc2 55. Ka6 Qb3 56. g4 Kb2 0-1

[Event "Open Semana Santa 2023"]
[Site "?"]
[Date "2023.04.09"]
[Round "7.160"]
[White "Schafer, Guillermo"]
[Black "Pardo Ruiz, Beatriz"]
[Result "1-0"]
[WhiteElo "1802"]
[BlackElo "1570"]
[PlyCount "99"]

1. d4 Nf6 2. Nf3 g6 3. c4 Bg7 4. g3 O-O 5. Bg2 d6 6. Nc3 Bg4 7. h3 Bxf3 8. Bxf3
c6 9. O-O Nbd7 10. e4 e5 11. d5 Nb6 12. b3 Ne8 13. Be3 c5 14. Qd2 f5 15. Bh6
Qf6 16. Bg5 Qf7 17. Bh6 Qf6 18. Bg2 f4 19. Bxg7 Nxg7 20. Bf3 Rf7 21. Kh2 Qg5
22. Qe2 Raf8 23. Rab1 Kh8 24. g4 h5 25. Rh1 h4 26. Rhc1 a6 27. b4 Nd7 28. Na4
b6 29. bxc5 bxc5 30. Rb7 Rb8 31. Rcb1 Qd8 32. Qb2 Rf8 33. Qc3 Qc8 34. Rxb8 Nxb8
35. Rb6 Qd8 36. Qb3 g5 37. Rb7 Qc8 38. Qb6 Qe8 39. Qxd6 Kg8 40. Nxc5 a5 41. Nd3
Qc8 42. Rc7 Qe8 43. Nxe5 a4 44. c5 a3 45. c6 Qd8 46. Nd7 Rf7 47. e5 Kh8 48.
Qh6+ Kg8 49. Nf6+ Rxf6 50. Qxg7# 1-0

[Event "Open Semana Santa 2023"]
[Site "?"]
[Date "2023.04.09"]
[Round "7.161"]
[White "Kiryttopoulos, Panagiotis Aris"]
[Black "Valiente Uruena, Sergio"]
[Result "0-1"]
[WhiteElo "1556"]
[BlackElo "1790"]
[PlyCount "72"]

1. d4 Nf6 2. Nf3 d5 3. g3 e6 4. Bg2 h6 5. O-O Bd6 6. c4 O-O 7. Nc3 Nc6 8. Qb3
Na5 9. Qb5 Nxc4 10. a4 b6 11. e4 a6 12. Qb3 Na5 13. Qc2 Nxe4 14. Nxe4 dxe4 15.
Qxe4 Bb7 16. Qg4 Qf6 17. Ne5 Bxg2 18. Kxg2 Rfd8 19. f4 Nb3 20. f5 Nxa1 21. Nxf7
h5 22. Qe4 Qxf7 23. fxe6 Qxf1+ 24. Kxf1 Rf8+ 25. Kg2 Rae8 26. Qd5 Nc2 27. Bg5
Be7 28. Bf4 Rxf4 29. Qc6 Ne3+ 30. Kh3 Rff8 31. Qxc7 Nd5 32. Qb7 Rd8 33. Qxa6
Rf6 34. Qe2 Rd6 35. Kg2 Rdxe6 36. Qxh5 Ne3+ 0-1

[Event "Open Semana Santa 2023"]
[Site "?"]
[Date "2023.04.09"]
[Round "7.162"]
[White "Viudes Serra, Aaron"]
[Black "Prochaieva, Yelyzaveta"]
[Result "1-0"]
[WhiteElo "1787"]
[BlackElo "1468"]
[PlyCount "71"]

1. e4 c5 2. b3 e6 3. e5 a6 4. Bb2 b5 5. Bd3 Bb7 6. Qg4 g6 7. h4 Bh6 8. h5 Ne7
9. Nc3 Nf5 10. Ne4 Qc7 11. Nd6+ Kf8 12. Qh3 Qb6 13. Bxf5 gxf5 14. Qh4 Bg7 15.
h6 Rg8 16. Qh5 Ke7 17. Qxf7+ Kd8 18. Qxg8+ Kc7 19. hxg7 Nc6 20. Qxa8 Bxa8 21.
g8=Q Bb7 22. Rxh7 a5 23. Qxe6 Bc8 24. Nxc8 Kxc8 25. Qxd7+ Kb8 26. Rh8+ Nd8 27.
Rxd8+ Qxd8 28. Qxd8+ Kb7 29. Qd6 c4 30. Nf3 cxb3 31. axb3 a4 32. bxa4 bxa4 33.
Rxa4 f4 34. Rb4+ Ka7 35. Bd4+ Ka8 36. Rb8# 1-0

[Event "Open Semana Santa 2023"]
[Site "?"]
[Date "2023.04.09"]
[Round "7.163"]
[White "Perez Luna, Alfredo"]
[Black "Cerdo Fernandez, Miguel"]
[Result "0-1"]
[WhiteElo "1328"]
[BlackElo "1783"]
[PlyCount "54"]

1. e4 c5 2. Nf3 Nc6 3. Bc4 e6 4. d4 cxd4 5. Nxd4 Nf6 6. Bg5 Qa5+ 7. Bd2 Qc5 8.
Nxc6 Qxc4 9. Na5 Qxe4+ 10. Kf1 b6 11. Nc3 Qg6 12. Nc4 Ba6 13. b3 d5 14. Qf3 Rc8
15. Nxd5 Nxd5 16. Rd1 Be7 17. Kg1 Bxc4 18. bxc4 Rxc4 19. c3 O-O 20. h3 Rfc8 21.
Rc1 Ba3 22. Rd1 h6 23. Kh2 Nxc3 24. Bxc3 Rxc3 25. Qb7 R3c7 26. Rd8+ Rxd8 27.
Qxc7 Bd6+ 0-1

[Event "Open Semana Santa 2023"]
[Site "?"]
[Date "2023.04.09"]
[Round "7.164"]
[White "Perea Fruet, Federico"]
[Black "Vecillas Rey, Daniel"]
[Result "1-0"]
[WhiteElo "1766"]
[BlackElo "1465"]
[PlyCount "85"]

1. e4 e6 2. Qe2 Nc6 3. Nf3 e5 4. c3 d6 5. d4 g6 6. d5 Nb8 7. c4 Bg7 8. Nc3 Ne7
9. Bd2 O-O 10. h4 h5 11. g3 Bg4 12. Bh3 Qd7 13. Bxg4 Qxg4 14. O-O-O Nd7 15.
Rde1 Nc5 16. b4 Nd7 17. Ng5 Qxe2 18. Rxe2 Bh6 19. Kc2 Bxg5 20. Bxg5 f6 21. Bd2
c6 22. Rc1 cxd5 23. cxd5 Rfc8 24. Kb3 a6 25. f3 Rc7 26. Be3 f5 27. Bg5 Kf7 28.
Nb5 Rxc1 29. Nxd6+ Kf8 30. Bxc1 b5 31. Bh6+ Kg8 32. Rc2 Ra7 33. Bg5 Nxd5 34.
exd5 Nb6 35. Nc8 Nxc8 36. Rxc8+ Kf7 37. d6 Ke6 38. Rc7 Rxc7 39. dxc7 Kd7 40.
Bf6 Kxc7 41. Bxe5+ Kc6 42. Kc3 Kd5 43. Bf4 1-0

[Event "Open Semana Santa 2023"]
[Site "?"]
[Date "2023.04.09"]
[Round "7.165"]
[White "Xia, Yan"]
[Black "Sanchez Peral, Pedro"]
[Result "0-1"]
[WhiteElo "1119"]
[BlackElo "1761"]
[PlyCount "94"]

1. e4 c5 2. Nf3 e6 3. d4 cxd4 4. Nxd4 a6 5. c4 Nc6 6. Nc2 g6 7. Nc3 Bg7 8. Be3
d6 9. Qd2 Nge7 10. O-O-O O-O 11. Bd3 d5 12. Bh6 dxc4 13. Bxc4 Qxd2+ 14. Bxd2 b5
15. Bb3 Bb7 16. Bg5 Rfd8 17. h4 h6 18. Bxe7 Nxe7 19. a3 Bxc3 20. bxc3 Bxe4 21.
f3 Bd5 22. Bxd5 Nxd5 23. Rd3 Rdc8 24. Kb2 Rc5 25. Rc1 Rac8 26. Nd4 Rc4 27. Kb3
Nf4 28. Rd2 e5 29. Ne2 Nxg2 30. h5 Nf4 31. Nxf4 exf4 32. Rh2 Kg7 33. hxg6 fxg6
34. Rd2 R8c7 35. Rd6 R4c6 36. Rxc6 Rxc6 37. Rd1 g5 38. Rd4 h5 39. a4 bxa4+ 40.
Rxa4 Kg6 41. Ra1 g4 42. fxg4 hxg4 43. Rg1 Kf5 44. Kc2 f3 45. Kd2 Kf4 46. Rf1 g3
47. Ke1 Rxc3 0-1

[Event "Open Semana Santa 2023"]
[Site "?"]
[Date "2023.04.09"]
[Round "7.166"]
[White "Munoz Osete, Marcos"]
[Black "Prochaieva, Olha"]
[Result "1-0"]
[WhiteElo "1743"]
[BlackElo "1282"]
[Annotator "Usuario"]
[PlyCount "49"]

1. d4 Nf6 2. c4 e6 3. Nc3 d5 4. Nf3 dxc4 5. e3 a6 6. Bxc4 b5 7. Bd3 Bb7 8. O-O
Be7 9. Qe2 O-O 10. Rd1 Qc8 11. a3 c5 12. dxc5 Bxc5 13. b4 Bxb4 14. axb4 Qxc3
15. Bb2 Qc7 16. Be5 Qb6 17. Bxf6 gxf6 18. Nh4 f5 19. Qh5 f6 $11 20. Nxf5 exf5
21. Bxf5 Rf7 22. Rd4 Nc6 23. Be6 Raf8 24. Rh4 Kh8 25. Bxf7 1-0

[Event "Open Semana Santa 2023"]
[Site "?"]
[Date "2023.04.09"]
[Round "7.167"]
[White "Bartolome Benito, Alejandro"]
[Black "Cervera Diaz, Aaron"]
[Result "1-0"]
[WhiteElo "1739"]
[BlackElo "1253"]
[PlyCount "35"]

1. e4 e6 2. d4 d5 3. Bd3 Nf6 4. e5 Nfd7 5. f4 c5 6. c3 cxd4 7. cxd4 Qb6 8. Nf3
Nc6 9. Bc2 Be7 10. Nc3 f6 11. O-O fxe5 12. fxe5 a6 13. Kh1 O-O 14. a3 Qa7 15.
Qd3 g6 16. Bh6 Rxf3 17. Qxf3 Ndxe5 18. Qf8+ 1-0

[Event "Open Semana Santa 2023"]
[Site "?"]
[Date "2023.04.09"]
[Round "7.168"]
[White "CM Uribe, Jhonny Alberto"]
[Black "Prieto Martin, Manuel"]
[Result "0-1"]
[WhiteElo "2223"]
[BlackElo "1478"]
[PlyCount "76"]

1. b3 d5 2. Bb2 Nf6 3. Nf3 g6 4. e3 Bg7 5. c4 c6 6. Be2 O-O 7. O-O b6 8. d3 Bb7
9. Nbd2 Nbd7 10. Rc1 Rc8 11. Rc2 Rc7 12. Qa1 Qb8 13. Rfc1 Rfc8 14. Ne5 Ne8 15.
Nxd7 Rxd7 16. Nf3 Bxb2 17. Qxb2 dxc4 18. Rxc4 Nf6 19. Ne5 Rdc7 20. b4 Nd7 21.
Nxd7 Rxd7 22. d4 Rcd8 23. h3 Rd6 24. Bf3 Rc8 25. Qc3 b5 26. Rc5 e6 27. h4 a6
28. h5 Kf8 29. d5 exd5 30. Bg4 Re8 31. Qh8+ Ke7 32. Qxh7 Rh8 33. Qg7 Rf6 34. g3
gxh5 35. Bh3 Rg8 36. Qh7 Rxg3+ 37. fxg3 Qxg3+ 38. Bg2 Rf2 0-1

[Event "Open Semana Santa 2023"]
[Site "?"]
[Date "2023.04.09"]
[Round "7.169"]
[White "Jimenez Pena, Sergio"]
[Black "Prodhomme, Boris"]
[Result "0-1"]
[WhiteElo "1511"]
[BlackElo "2076"]
[PlyCount "59"]

1. c4 Nf6 2. Nf3 g6 3. Nc3 Bg7 4. d4 O-O 5. e4 d6 6. Be2 e5 7. O-O Nc6 8. d5
Ne7 9. b4 a5 10. Ba3 axb4 11. Bxb4 b6 12. a4 Ne8 13. Qc2 f5 14. exf5 gxf5 15.
Rad1 e4 16. Ng5 c5 17. Ba3 Ng6 18. Bc1 Qf6 19. Bd2 e3 20. fxe3 Qxg5 21. e4 f4
22. Rf2 Bd4 23. Rdf1 Ne5 24. Nb5 Bxf2+ 25. Rxf2 Bg4 26. g3 Bxe2 27. Bxf4 Qg4
28. Qxe2 Rxf4 29. Qxg4+ Rxg4 30. Nc3 0-1

[Event "Open Semana Santa 2023"]
[Site "?"]
[Date "2023.04.09"]
[Round "7.170"]
[White "Movsisyan, Tigran"]
[Black "Asensio Ramon, Ismael"]
[Result "1/2-1/2"]
[WhiteElo "1968"]
[BlackElo "1511"]
[PlyCount "116"]

1. e4 c5 2. Nc3 e6 3. Nge2 Nc6 4. g3 Nf6 5. Bg2 Be7 6. O-O O-O 7. d3 d6 8. f4
Qc7 9. h3 d5 10. exd5 exd5 11. f5 Nd4 12. Nxd4 cxd4 13. Ne2 Rd8 14. g4 h6 15.
Nf4 b6 16. h4 Bb7 17. g5 hxg5 18. hxg5 Nh7 19. g6 Ng5 20. gxf7+ Nxf7 21. Ne6
Qg3 22. Rf3 Qg4 23. Nxd8 Rxd8 24. Bd2 Ng5 25. Bxg5 Bxg5 26. Qe2 Bc8 27. Qe5
Be3+ 28. Kf1 Rf8 29. Qxd5+ Rf7 30. Qe4 Qg5 31. Qe8+ Rf8 32. Qg6 Rxf5 33. Qxg5
Rxg5 34. Rxe3 dxe3 35. Re1 Rf5+ 36. Kg1 Re5 37. Be4 Rg5+ 38. Kh2 Rh5+ 39. Kg2
Ra5 40. a3 Rb5 41. b3 Kf8 42. Rxe3 Be6 43. d4 a5 44. Kf2 Kf7 45. c4 Rh5 46. d5
Bd7 47. b4 axb4 48. axb4 Rh2+ 49. Bg2 Rh4 50. Rc3 b5 51. c5 Rxb4 52. c6 Bc8 53.
d6 Rd4 54. d7 Bxd7 55. cxd7 Rxd7 56. Bc6 Rd2+ 57. Ke3 Rb2 58. Bd5+ Kf6 1/2-1/2

[Event "Open Semana Santa 2023"]
[Site "?"]
[Date "2023.04.09"]
[Round "7.171"]
[White "Saiz Sapena, Veronica"]
[Black "Roig Roig, Marc"]
[Result "0-1"]
[WhiteElo "1506"]
[BlackElo "1840"]
[PlyCount "68"]

1. e4 e6 2. d4 d5 3. exd5 exd5 4. Nf3 Bd6 5. Be2 Ne7 6. O-O Bg4 7. Bg5 f6 8.
Be3 Nbc6 9. c3 Qd7 10. Qc2 O-O-O 11. Nbd2 Ng6 12. Bd3 Nf4 13. Bxf4 Bxf4 14. h3
Be6 15. Rfe1 Kb8 16. Nf1 g5 17. Ng3 h5 18. Bf5 Bxf5 19. Nxf5 g4 20. hxg4 hxg4
21. N3h4 Rh5 22. g3 Bg5 23. Kg2 Qh7 24. Qe2 Bxh4 25. Nxh4 f5 26. Qe3 a6 27. Qf4
Ne7 28. Rh1 Rh8 29. Qc1 Ng6 30. Nxf5 Rh2+ 31. Rxh2 Qxh2+ 32. Kf1 Qh1+ 33. Ke2
Qf3+ 34. Kd2 Qxf2+ 0-1

[Event "Open Semana Santa 2023"]
[Site "?"]
[Date "2023.04.09"]
[Round "7.172"]
[White "Soler Ollero, Guillermo"]
[Black "Blanco Ros, Adrian"]
[Result "1-0"]
[WhiteElo "1770"]
[BlackElo "1495"]
[PlyCount "66"]

1. d4 Nf6 2. Bf4 c5 3. d5 d6 4. Nc3 g6 5. e4 Bg7 6. Nf3 O-O 7. Be2 Bg4 8. O-O
Nbd7 9. Qd2 Bxf3 10. Bxf3 a6 11. a4 Qa5 12. Bh6 Ne5 13. Be2 Qb4 14. Bxg7 Kxg7
15. f4 Nc4 16. Bxc4 Qxc4 17. Rae1 Qb4 18. e5 Nd7 19. exd6 exd6 20. Re4 Qb6 21.
f5 Nf6 22. Rh4 h5 23. Ne4 Nxe4 24. Rxe4 Rae8 25. f6+ Kh7 26. Re7 Qxb2 27. Kh1
b5 28. Qg5 bxa4 29. g4 a3 30. gxh5 Qxc2 31. hxg6+ Qxg6 32. Qh4+ Qh6 33. Qe4+
Qg6 1-0

[Event "Open Semana Santa 2023"]
[Site "?"]
[Date "2023.04.09"]
[Round "7.173"]
[White "Bell, Luke"]
[Black "Olivares Romero, Sara"]
[Result "1/2-1/2"]
[WhiteElo "1490"]
[BlackElo "1743"]
[PlyCount "45"]

1. e4 c5 2. Nf3 Nc6 3. d4 cxd4 4. Nxd4 g6 5. Nc3 Bg7 6. Be3 Nf6 7. f3 O-O 8.
Qd2 d5 9. Nxc6 bxc6 10. O-O-O Qc7 11. Bh6 dxe4 12. Bxg7 Kxg7 13. Nxe4 Nxe4 14.
fxe4 Bg4 15. Be2 Bxe2 16. Qxe2 Qe5 17. Qc4 Rfd8 18. Rhf1 e6 19. Rxd8 Rxd8 20.
Qxc6 Qg5+ 21. Kb1 Qxg2 22. Qc3+ Kg8 23. Qf6 1/2-1/2

[Event "Open Semana Santa 2023"]
[Site "?"]
[Date "2023.04.09"]
[Round "7.172"]
[White "Torrecillas Muelas, Maria C"]
[Black "Sanmartin Paya, Ignacio"]
[Result "1-0"]
[WhiteElo "1632"]
[BlackElo "1492"]
[PlyCount "103"]

1. c4 Nf6 2. g3 e5 3. Bg2 c5 4. Nc3 Nc6 5. d3 h6 6. e3 d6 7. Nge2 Bd7 8. a3 Qc8
9. Nd5 Nxd5 10. Bxd5 Ne7 11. Bf3 Bh3 12. Qa4+ Nc6 13. b4 Bd7 14. b5 Nd8 15. Bb2
a6 16. Qb3 axb5 17. cxb5 Be7 18. Nc3 Ne6 19. Nd5 Bd8 20. O-O Ng5 21. Bh1 Bh3
22. f4 Bxf1 23. Rxf1 Nh3+ 24. Kg2 Qg4 25. Qd1 h5 26. Qf3 f6 27. d4 cxd4 28.
exd4 Rc8 29. Rc1 Qxf3+ 30. Kxf3 Rxc1 31. Bxc1 g5 32. Kg2 g4 33. dxe5 fxe5 34.
Kf1 Rh7 35. Be4 Rg7 36. Kg2 exf4 37. gxf4 Kf8 38. a4 Ba5 39. Bb2 Rf7 40. Bc1
Be1 41. Be3 Bh4 42. Bg6 Rg7 43. Be4 Ke8 44. a5 Kd8 45. a6 bxa6 46. bxa6 Kc8 47.
a7 Nxf4+ 48. Nxf4 Rxa7 49. Bxa7 Be7 50. Nxh5 Kc7 51. Bd5 Bg5 52. Kg3 1-0